Geography Quiz

Random Geography or City Quiz
Score 0/71 Timer 12:00
0 Plays Today
Location City/Airport % Correct
City (two in this city)Toronto
84.4%
CityLondon
84.4%
AirportNew York John F. Kennedy International Airport
81.8%
CityParis
79.2%
CityVancouver
76.6%
City (two in this city)Tokyo
74%
CityCopenhagen
64.9%
City (three in this city)Singapore
62.3%
Airport (two at this airport)Hartsfield Jackson Atlanta International Airport
62.3%
CityTaipei
61%
CityMiami, Florida
59.7%
AirportMiami International Airport
59.7%
AirportSan Francisco International Airport
59.7%
CityOsaka
58.4%
City (two in this city)Manila
51.9%
CityBirmingham
48.1%
AirportBirmingham International Airport
48.1%
AirportChicago O'Hare International Airport
48.1%
CityKuala Lumpur
46.8%
AirportKuala Lumpur International Airport
46.8%
AirportDenver International Airport
44.2%
AirportBenito Juárez International Airport
42.9%
AirportOrlando International Airport
42.9%
AirportLondon Heathrow Airport
40.3%
CityDetroit, Michigan
39%
AirportDetroit Metropolitan Wayne County Airport
39%
AirportChek Lap Kok Hong Kong International Airport
36.4%
AirportZürich International Airport
36.4%
AirportLondon Gatwick Airport
35.1%
AirportFrankfurt Airport
33.8%
AirportWashington Dulles International Airport
33.8%
AirportLas Vegas McCarran International Airport
32.5%
CityNagoya
31.2%
CityLas Vegas, Nevada
31.2%
AirportPittsburgh International Airport
31.2%
CityHiroshima
29.9%
Location City/Airport % Correct
AirportSeoul Incheon International Airport
29.9%
AirportTampa International Airport
27.3%
CityToulouse
26%
CityKobe
26%
AirportNarita International Airport
24.7%
AirportCincinnati-Northern Kentucky International Airport
24.7%
CityLille
22.1%
AirportParis Charles de Gaulle Airport
22.1%
AirportDallas-Fort Worth International Airport
22.1%
CityJacksonville, Florida
19.5%
AirportDüsseldorf International Airport
19.5%
AirportSingapore Changi Airport
18.2%
AirportPhoenix Sky Harbor International Airport
18.2%
CityYokohama
16.9%
CityIndianapolis, Indiana
16.9%
AirportParis-Orly Airport
16.9%
AirportToronto Pearson International Airport
16.9%
AirportLondon Stansted Airport
14.3%
AirportMinneapolis-Saint Paul International Airport
14.3%
AirportNewark Liberty International Airport
14.3%
CityRennes
13%
AirportKansai International Airport
13%
AirportSeattle-Tacoma International Airport
13%
AirportLeonardo da Vinci Airport
11.7%
CityIrving, Texas
9.1%
AirportBeijing Capital International Airport
9.1%
Airport (two at this airport)George Bush Intercontinental Airport
9.1%
AirportTaiwan Taoyuan International Airport
7.8%
AirportMadrid Barajas International Airport
7.8%
CityLaon
3.9%
CityOeiras
2.6%
CityKomaki
1.3%
CitySaitama
1.3%
CitySakura
1.3%
CityTokorozawa
1.3%

You're not logged in!

Compare scores with friends on all Sporcle quizzes.
OR
Log In

Sporcle TV

Today on Sporcle TV


Watch our educational content, quiz creation guides, and fun videos on Sporcle TV.

Show Comments

Extras

Top Quizzes Today


Score Distribution

Paid Content

Your Account Isn't Verified!

In order to create a playlist on Sporcle, you need to verify the email address you used during registration. Go to your Sporcle Settings to finish the process.

Report this User

Report this user for behavior that violates our Community Guidelines.

Details: